Determinants of educational performance in India : role of home and family (Record no. 65865)

MARC details
000 -CABECERA
campo de control de longitud fija 00558nam a2200205 a 4500
005 - FECHA Y HORA DE LA ÚLTIMA TRANSACCIÓN
campo de control 20210219153010.0
008 - ELEMENTOS DE LONGITUD FIJA--INFORMACIÓN GENERAL
campo de control de longitud fija 991125n 000 0 u
035 ## - NÚMERO DE CONTROL DEL SISTEMA
Número de control de sistema UPN01000072356
100 ## - ASIENTO PRINCIPAL--NOMBRE PERSONAL
Nombre de persona Desai, Uday
222 ## - TÍTULO CLAVE
Título clave INTERNATIONAL REVIEW OF EDUCATION
245 ## - MENCIÓN DE TÍTULO
Título Determinants of educational performance in India : role of home and family
300 ## - DESCRIPCIÓN FÍSICA
Extensión 245-266
362 ## - FECHAS DE PUBLICACIÓN Y/O DESIGNACIÓN SECUENCIAL
Fecha de publicación y/o designación secuencial 37, No. 2, 1991
505 ## - NOTA DE CONTENIDO CON FORMATO PREESTABLECIDO
Nota de contenido con formato Mayo 1992
653 0# - TERMINO DE INDIZACION - NO CONTROLADO
Término no controlado DESERTORES
653 0# - TERMINO DE INDIZACION - NO CONTROLADO
Término no controlado FAMILIA
653 0# - TERMINO DE INDIZACION - NO CONTROLADO
Término no controlado INFLUENCIA FAMILIAR
904 ## - ELEMENTOS DE DATOS D LOCAL, LDD (RLIN)
a AC
b 010167
905 ## - TIPO DE MATERIAL
Tipo de material Articulo

No items available.